| 000 | 00365nam a2200157Ia 4500 | ||
|---|---|---|---|
| 003 | OSt | ||
| 005 | 20240119154323.0 | ||
| 008 | 170523s9999 xx 000 0 und d | ||
| 020 | _a978-0273032328 | ||
| 040 | _ciimt university meerut | ||
| 100 | _aHARRY- MIKE | ||
| 245 | 0 | _aINFORMATION AND MANAGEMENT SYSTEM | |
| 260 | _bNEW DELHI | ||
| 300 | _a423 | ||
| 942 |
_2ddc _c02 |
||
| 999 |
_c20 _d20 |
||